|
|
|
|
| LEADER |
00000nam a2200000 a 4500 |
| 001 |
vtls001140959 |
| 003 |
SK-MaSNL |
| 005 |
20260302031346.0 |
| 008 |
250414s1993 CS 0 cze |
| 020 |
|
|
|a 8070791470
|
| 035 |
|
|
|a SNK000083812
|
| 040 |
|
|
|a SNK
|b slo
|c SNK
|e AACR2
|
| 041 |
0 |
|
|a cze
|
| 044 |
|
|
|a [CS]
|
| 080 |
|
|
|a 347.7:347.4(075.8)
|2 1981
|
| 080 |
|
|
|a 347.4(075.8)
|2 1981
|
| 100 |
1 |
|
|a Švarc, Zbyněk
|4 aut
|9 579512
|
| 245 |
1 |
0 |
|a Obchodní právo - obchodní závazkové vztahy
|c Zbyněk Švarc, Miluše Kalinová, Jiřina Kotoučová
|
| 250 |
|
|
|a 1. vyd.
|
| 260 |
|
|
|a Praha
|b Vysoká škola ekonomická
|c 1993
|
| 300 |
|
|
|a 160 s.
|c 27 cm
|
| 700 |
1 |
|
|a Kalinová, Miluše
|4 aut
|9 678980
|
| 700 |
1 |
|
|a Kotoučová, Jiřina
|4 aut
|9 61821
|
| 852 |
|
|
|a Slovenská národná knižnica
|
| 919 |
|
|
|a 80-7079-147-0
|
| 954 |
|
|
|a právo obchodné
|a záväzky
|
| 999 |
|
|
|c 1052002
|d 1053932
|
| 952 |
|
|
|t P60, <04>, [BOOK], {604}
|a SNK
|b SNK
|y VYP
|7 0
|p 17A0199709
|o snkIB 68554
|0 0
|1 0
|4 0
|d 1999-07-06
|l 0
|r 2005-01-01 00:00:00
|w 2026-02-24
|